01561nab a22002417a 4500003000400000005001700004008004100021040000700062100002600069245011300095260007300208300001300281500007200294505053500366505008900901650002900990650005201019650003901071650001901110650002501129700003201154773013301186OSt20251227011002.0190603e xxum|||| |||| 00| 0 spa d cPJ aRivera, Julio César13aLa capacidad de los menores para disponer sobre su propio cuerpo /cJulio César Rivera, Alejo M. Gascón. cCiudad Autónoma de Buenos Aires :aThomson Reuters La Ley, b2025. ap. 21-36 aCita: TR LALEY AR/DOC/1786/2025 Publicado en: RCCyC 2025 (agosto). aSumario: I. Introducción.— II. La evolución del régimen de capacidad de los menores de edad: del Cód. Civil de 1869 al Cód. Civ. y Com. 2015.— III. La capacidad de los menores en el Cód. Civ. y Com.— IV. La capacidad de los menores con relación a la disposición de su propio cuerpo en el Cód. Civ. y Com.— V. Ley de Identidad de Género. Modificación por DNU.— VI. Jurisprudencia reciente sobre capacidad progresiva: del reconocimiento formal a la operatividad práctica.— VII. A modo de cierre.  t¿Te interesa el texto completo? Solicitalo al correo: koha@justierradelfuego.gov.ar 0aCODIGO CIVIL Y COMERCIAL 0aDERECHOS DE LAS NIÑAS, NIÑOS Y ADOLESCENTES 0aDERECHO A LA IDENTIDAD DE GÉNERO 0aCONSENTIMIENTO 0aTRATAMIENTO MÉDICO aGascón, Alejo M.ecoautor0 02713dCiudad Autónoma de Buenos Aires : Thomson Reuters La Ley, 2015-tRevista Código Civil y Comercial. Nº 4 - Agosto 2025